01228cam a2200265 a 450000100100000000500170001000800410002702000150006804000250008308200180010810000480012624501360017426000430031030000280035350000620038150400310044365100510047465100580052570000390058370000420062291000370066495201220070195201220082399900170094500001432320200929163556.0920309s1991 cl 000 0 spa  a980271108X aDO-SdBNPbspacBNPHU a338.98bS161a1 aSalcedo G., José Joaquín.d1947-93230910aAmérica Latina :binterrogante angustioso /cJosé Joaquín Salcedo G., Hernando Bernal Alarcón, Nohora Inés Gutiérrez S. aMiami :bPublicaciones Violeta,c1991. a288 p. :bil. ;c21 cm. aIncluye datos biográficos de los autores en las solapas aBibliográfia: p. 285-288 4aAmérica LatinaxPolítica Economíca99438 4aAmérica LatinaxPolítica Y Gobiernoy1980-9314931 aBernal Alarcón, Hernando.9323101 aGutiérrez S., Nohora Inés.932311 aValidado. Control de calidad MFF 001052708MOaGRbGRcCTd2009-12-09iLF1l0o338.98 S161ap14323-10r2020-06-25w2020-06-25y2ZPréstamo interno 001150718MOaGRbGRcMId2017-04-17iLF1l0o338.98 S161ap14323-20r2020-06-25te. 2w2020-06-25y1ZNo se presta c13918d13918